Diasporas : (Record no. 6874)

MARC details
000 -LEADER
fixed length control field 00555cam a2200217ua 4500
008 - FIXED-LENGTH DATA ELEMENTS--GENERAL INFORMATION
fixed length control field 141223n ii |||gr||||Z||||||eng
020 ## - INTERNATIONAL STANDARD BOOK NUMBER
International Standard Book Number 9788131604151
040 ## - CATALOGING SOURCE
Transcribing agency MAIN
041 ## - LANGUAGE CODE
-- eng
082 ## - DEWEY DECIMAL CLASSIFICATION NUMBER
Classification number 909.04924
100 ## - MAIN ENTRY--PERSONAL NAME
Personal name Knott, K.,
Relator term
245 1# - TITLE STATEMENT
Title Diasporas :
Remainder of title Concepts, intersections, identities /
Statement of responsibility, etc. Edited by Kim Knott .
250 ## - EDITION STATEMENT
Edition statement 1st.
260 ## - PUBLICATION, DISTRIBUTION, ETC.
Place of publication, distribution, etc. Jaipur:
Name of publisher, distributor, etc. Rawat,
Date of publication, distribution, etc. 2011.
300 ## - PHYSICAL DESCRIPTION
Extent viii,319p.
700 ## - ADDED ENTRY--PERSONAL NAME
Personal name Mcloughlin, S.,
Relator term
942 ## - ADDED ENTRY ELEMENTS (KOHA)
Koha item type Books
653 ## - INDEX TERM--UNCONTROLLED
Uncontrolled term World history
653 ## - INDEX TERM--UNCONTROLLED
Uncontrolled term Jewish history
Holdings
Withdrawn status Lost status Damaged status Not for loan Home library Current library Shelving location Date acquired Total Checkouts Full call number Barcode Date last seen Copy number Price effective from Koha item type
        Central Library, Naharkatiya College Central Library, Naharkatiya College General Stacks 19/09/2020   909.04924 | DIA 22690 19/09/2020 1 19/09/2020 Books

Naharkatiya College © 2020. All rights reserved.

Powered By